01016 2200229 4500001002100000005001500021035002000036001002100056005001500077035002000092245005000112100001600162250001700178300003200195260003500227082000800262084001400270020002200284650001100306520044400317500002500761INLIS00000000000090720250317092738 a0010-0325000003INLIS00000000000024220240529073831 a0010-05240001641 aMisteri Penculikan Nikosantera /cJanu Ismadi0 aJanu Ismadi acetakan ke-1 aiv, 36 hlm :bilus ;c29 cm aJakarta :bGaneca Exact,c2006 a813 a813 JAN m a978-979-121-301-1 4aCerpen aSebuah meteroit jatuh di desa Bayu tinggal. Pemerintah desa mengundang beberapa ahli untuk menelitinya. Bayu dan teman-teman sekelasnya juga diajak untuk melihat proses penelitian itu. Sewaktu mengikuti penelitian itulah Bayu mengalami kejadian aneh. Ia bertemu dengan makhluk luar angkasa, yang mengajaknya berkeliling tata surya. Bagaimanakah pengalaman Bayu selama di luar angkasa? Temukan jawabannya dalam "Bertamasya ke Luar Angkasa." aSeri Pengetahuan IPA